00611nam a2200181Ia 4500008004100000020001800041040001800059041000800077100002400085245012000109260005400229300002200283650002300305650002200328650002000350700003200370700002700402130821s2006 xxu gr eng  a9780151012206 aCo-BoUCMbspa00aeng1 aSzymborska, Wislawa10aMonologue of a Dog new poemscWislawa Szymborska ; traducción del polaco de Clare Cavanagh y Stanislaw Baranczak aOrlando (Florida, Estados Unidos)bHarcourtc2006 axvi, 96 páginas04aLiteratura europea04aLiteratura polaca04aPoesía polaca1 aBaranczak, Stanislawetrad.1 aCavanagh, Clareetrad.